Cách người Do Thái quản lý tiền & tài sản
Giới thiệu toàn diện về trí tuệ của dân tộc Do Thái; những kinh nghiệm về cách làm giàu, cách quản lí tiền, tài sản và cách sử dụng tiền độc đáo của dân tộc này
Na minha lista:
| Autor principal: | |
|---|---|
| Outros Autores: | |
| Formato: | Livro |
| Idioma: | Undetermined |
| Publicado em: |
Thanh Hóa; Tp. Hồ Chí Minh
Nxb. Thanh Hóa; Công ty Văn hóa Văn Lang
2018
|
| Assuntos: | |
| Acesso em linha: | http://lrc.tdmu.edu.vn/opac/search/detail.asp?aID=2&ID=36701 |
| Tags: |
Adicionar Tag
Sem tags, seja o primeiro a adicionar uma tag!
|
| Thư viện lưu trữ: | Trung tâm Học liệu Trường Đại học Thủ Dầu Một |
|---|
| LEADER | 01114nam a2200217Ia 4500 | ||
|---|---|---|---|
| 001 | TDMU_36701 | ||
| 008 | 210410s9999 xx 000 0 und d | ||
| 082 | |a 953 | ||
| 090 | |b T305 | ||
| 100 | |a Tiến Thành | ||
| 245 | 0 | |a Cách người Do Thái quản lý tiền & tài sản | |
| 245 | 0 | |c Tiến Thành, Bội Bội, Kiến văn biên soạn | |
| 260 | |a Thanh Hóa; Tp. Hồ Chí Minh | ||
| 260 | |b Nxb. Thanh Hóa; Công ty Văn hóa Văn Lang | ||
| 260 | |c 2018 | ||
| 300 | |a 214tr. | ||
| 520 | |a Giới thiệu toàn diện về trí tuệ của dân tộc Do Thái; những kinh nghiệm về cách làm giàu, cách quản lí tiền, tài sản và cách sử dụng tiền độc đáo của dân tộc này | ||
| 650 | |a Người Do Thái |x Cách làm giàu |x Bí quyết thành công; Tài chính |x Quản lý |z Người Do Thái | ||
| 700 | |a Bội Bội | ||
| 856 | |u http://lrc.tdmu.edu.vn/opac/search/detail.asp?aID=2&ID=36701 | ||
| 980 | |a Trung tâm Học liệu Trường Đại học Thủ Dầu Một | ||